[Event "GER-chT U20"]
[Site "Muenster"]
[Date "2022.12.30"]
[Round "7"]
[White "Wichmann, Luc"]
[Black "Trinh, Felix Toan"]
[Result "1/2-1/2"]
[WhiteElo "1292"]
[BlackElo "1594"]
[PlyCount "44"]
[EventDate "2022.12.26"]
[EventType "team-swiss"]
[EventRounds "7"]
[EventCountry "GER"]
[SourceTitle "CBM 212 Extra"]
[Source "ChessBase"]
[SourceDate "2023.03.31"]
[SourceVersion "1"]
[SourceVersionDate "2023.03.31"]
[SourceQuality "1"]
[WhiteTeam "Bochum SG"]
[BlackTeam "Hemer"]
[WhiteTeamCountry "GER"]
[BlackTeamCountry "GER"]

1. d4 Nf6 2. Bf4 d5 3. Nd2 c5 4. c3 Nc6 5. e3 e6 6. Ngf3 Bd6 7. Bg3 0-0 8. Be2 b6 9. Rc1 Bb7 10. 0-0 Re8 11. Bxd6 Qxd6 12. Bb5 a6 13. Bxc6 Bxc6 14. Ne5 cxd4 15. cxd4 Bb5 16. Re1 Rec8 17. a3 Nd7 18. Nxd7 Bxd7 19. f4 f6 20. Nf3 Rxc1 21. Qxc1 Rc8 22. Qd2 Qc7 1/2-1/2

[Event "Dortmund Sparkassen op-C 47th"]
[Site "Dortmund"]
[Date "2019.07.19"]
[Round "7"]
[White "Besou, Mustafa"]
[Black "Wichmann, Luc"]
[Result "1-0"]
[WhiteElo "1428"]
[BlackElo "1294"]
[PlyCount "85"]
[EventDate "2019.07.13"]
[EventType "swiss"]
[EventRounds "9"]
[EventCountry "GER"]
[SourceTitle "CBM 192 Extra"]
[Source "Chessbase"]
[SourceDate "2019.11.06"]
[SourceVersion "1"]
[SourceVersionDate "2019.11.06"]
[SourceQuality "1"]

1. e4 e5 2. Nf3 Nf6 3. Nc3 Nc6 4. Bb5 Nd4 5. Nxd4 exd4 6. Ne2 Nxe4 7. d3 Nd6 8. Ba4 Qf6 9. 0-0 b5 10. Bb3 Bb7 11. Re1 Be7 12. Nf4 Qg5 13. Nd5 Qg6 14. Rxe7+ Kd8 15. Qe2 Nf5 16. Nf4 Qc6 17. Bxf7 Nxe7 18. f3 Rf8 19. Bb3 a5 20. a4 b4 21. Qe5 Qf6 22. Qh5 h6 23. Bd2 Qf5 24. Qh4 g5 25. Qxh6 gxf4 26. Re1 Qf6 27. Qxf6 Rxf6 28. Re5 Nf5 29. Bxf4 Rf8 30. h4 d6 31. Bg5+ Kd7 32. Be6+ Kc6 33. Rxf5 Rfe8 34. Bb3 Re2 35. Bf6 Kb6 36. Bxd4+ c5 37. Bg7 d5 38. h5 Rd8 39. h6 c4 40. Bd4+ Kc7 41. dxc4 dxc4 42. Rc5+ Kd6 43. Rxc4 1-0

[Event "Dortmund Sparkassen op-C 47th"]
[Site "Dortmund"]
[Date "2019.07.13"]
[Round "1"]
[White "Ceschinski, Peter"]
[Black "Wichmann, Luc"]
[Result "0-1"]
[WhiteElo "851"]
[BlackElo "1294"]
[PlyCount "38"]
[EventDate "2019.07.13"]
[EventType "swiss"]
[EventRounds "9"]
[EventCountry "GER"]
[SourceTitle "CBM 192 Extra"]
[Source "Chessbase"]
[SourceDate "2019.11.06"]
[SourceVersion "1"]
[SourceVersionDate "2019.11.06"]
[SourceQuality "1"]

1. e4 e5 2. Nf3 Nc6 3. Bb5 Bc5 4. Bxc6 dxc6 5. c3 Bg4 6. 0-0 Qf6 7. d3 Bxf3 8. Qxf3 Qxf3 9. gxf3 0-0-0 10. Bg5 f6 11. Be3 Bxe3 12. fxe3 Rxd3 13. Re1 Ne7 14. Na3 Rhd8 15. c4 Ng6 16. b3 Rd2 17. c5 Nh4 18. Rf1 Rg2+ 19. Kh1 Rdd2 0-1

[Event "Gelsenkirchen Silvester op 6th"]
[Site "Gelsenkirchen"]
[Date "2018.12.30"]
[Round "7"]
[White "Wichmann, Luc"]
[Black "Cordes, Jule Johanne"]
[Result "1/2-1/2"]
[WhiteElo "1242"]
[BlackElo "1586"]
[PlyCount "79"]
[EventDate "2018.12.27"]
[EventType "swiss"]
[EventRounds "7"]
[EventCountry "GER"]
[SourceTitle "CBM 188 Extra"]
[Source "ChessBase"]
[SourceDate "2019.02.26"]
[SourceVersion "1"]
[SourceVersionDate "2019.02.26"]
[SourceQuality "1"]

1. d4 d5 2. Nf3 Nf6 3. Bf4 c5 4. e3 Nc6 5. c3 Bg4 6. h3 Bh5 7. Nbd2 e6 8. Qb3 Qd7 9. Ne5 Qc8 10. Bb5 a6 11. Be2 Bxe2 12. Kxe2 Nxe5 13. Bxe5 Nd7 14. Bg3 Be7 15. Rhe1 Qc6 16. Nf3 Rc8 17. Ne5 Nxe5 18. Bxe5 0-0 19. Rac1 Rfd8 20. Kf1 Rd7 21. a3 Bd6 22. Bxd6 Qxd6 23. g3 Rc6 24. Re2 c4 25. Qc2 Rb6 26. e4 Rb3 27. e5 Qe7 28. Kg2 Rc7 29. Rb1 Rc6 30. f3 Rcb6 31. f4 Qd7 32. g4 Qe7 33. Kg3 Qd8 34. g5 Qe7 35. h4 Qd7 36. h5 Qe7 37. Rg2 Qd8 38. Kf3 Qd7 39. g6 h6 40. Ke3 1/2-1/2

[Event "Gelsenkirchen Silvester op 6th"]
[Site "Gelsenkirchen"]
[Date "2018.12.28"]
[Round "4"]
[White "Lazarev, Daniel"]
[Black "Wichmann, Luc"]
[Result "0-1"]
[WhiteElo "855"]
[BlackElo "1242"]
[PlyCount "54"]
[EventDate "2018.12.27"]
[EventType "swiss"]
[EventRounds "7"]
[EventCountry "GER"]
[SourceTitle "CBM 188 Extra"]
[Source "ChessBase"]
[SourceDate "2019.02.26"]
[SourceVersion "1"]
[SourceVersionDate "2019.02.26"]
[SourceQuality "1"]

1. e4 e5 2. Nf3 Nc6 3. Bb5 Nge7 4. 0-0 a6 5. Ba4 d6 6. Nc3 Bg4 7. h3 Bh5 8. Nd5 b5 9. Bb3 Nd4 10. Nxd4 Bxd1 11. Rxd1 exd4 12. d3 c5 13. a3 Nxd5 14. Bxd5 Rb8 15. Bf4 Be7 16. Bc6+ Kf8 17. Re1 Bf6 18. e5 Bxe5 19. Bxe5 dxe5 20. Rxe5 Qd6 21. Rae1 Qxc6 22. R1e4 Re8 23. c4 Rxe5 24. Rxe5 bxc4 25. dxc4 f6 26. Rd5 Kf7 27. f3 a5 0-1